| 000 | 00464nam a22001577a 4500 | ||
|---|---|---|---|
| 008 | 230525b |||||||| |||| 00| 0 eng d | ||
| 040 |
_aNational Science Library _cNational Science Library |
||
| 080 |
_aR 331.71(058.7)(42) _bK2 |
||
| 100 | _aStanley, C O | ||
| 245 | _aDirectory of opportunities for qualified men | ||
| 260 |
_aLondon: _bCornmarket Press Limited, _c1962 |
||
| 300 | _a176p. | ||
| 650 | _aEconomic | ||
| 653 | _aDirectory | ||
| 942 |
_2udc _cDIR |
||
| 999 |
_c34719 _d34719 |
||